000 02029nam0a22003851 4500
001 GAK\3366440
005 20250614091608.0
010 _d78 к.
_925000
021 _aRU
_b77-59508
035 _a(NLR Aleph) 010720986
090 _a9819675
_c9819675
100 _a20150406d1977 |||y0rusy50 ca
101 0 _arus
102 _aRU
105 _aa z|||||||b
200 1 _aЖак Тати
_eстатьи. Сценарии. Интервью
_e[сборник
_fсост. и авт. вступит. статьи, с. 5-50, В. Божович]
210 _aМосква
_cИскусство
_d1977
215 _a194 с., 15 л. ил.
_cил.
_d17
225 1 _aМастера зарубежного киноискусства
320 _aФильмография: с. 188-192
327 0 _aСодерж.: Кинокомедия по Жаку Тати : интервью с режиссером ; Критическая панорама : статьи ; сценарии: Праздничный день ; Каникулы господина Юло ; Мой дядя
464 0 _12001#$aКинокомедия по Жаку Тати$eинтервью с режиссером$aКритическая панорама$eстатьи
_tКритическая панорама
464 0 _12001#$aПраздничный день$aКаникулы господина Юло$aМой дядя$eсценарии
_1700#1$aТати$bЖ.$f1908 - 1982$gЖак$4690
_tМой дядя
_aТати, Жак (1908 - 1982)
540 1 _aТати Жак
600 0 1 _aТати
_bЖ.
_f1908 - 1982
_gЖак
_91334953
_3RU\NLR\AUTH\66555718
686 0 _aЩ374.3(4Фр)-86Тати
_2rubbk
686 0 _aЩ374.3(4Фр)-85Тати
_2rubbk
702 1 _aБожович
_bВ. И.
_f1931-
_gВиктор Ильич
_4220
_4080
702 1 _aТати
_bЖ.
_f1908 - 1982
_gЖак
_4570
801 0 _aRU
_bNLR
_c20150406
_gpsbo
801 1 _aRU
_bNLR
_c20150406
_2rusmarc
801 2 _aRU
_bNLR
_c20150406
_2rusmarc
852 _aNLR
_j77-2/3002
942 _cBOOK
980 _aNB